000
00238nam a2200109Ia 4500
008
190216s9999||||xx |||||||||||||| ||und||
100
_a
Auren Uris
245
0
_a
Mastery Of Management
260
_b
Null
_c
1968
300
_a
265p
942
_c
BK
999
_c
4606
_d
4606